कंप्यूटर क्रान्ति और साहित्य (Record no. 1073)
[ view plain ]
| 000 -LEADER | |
|---|---|
| fixed length control field | 01128 a2200217 4500 |
| 005 - DATE AND TIME OF LATEST TRANSACTION | |
| control field | 20080904105021.0 |
| 008 - FIXED-LENGTH DATA ELEMENTS--GENERAL INFORMATION | |
| fixed length control field | 080904t xxu||||| |||| 00| 0 hin d |
| 010 ## - LIBRARY OF CONGRESS CONTROL NUMBER | |
| LC control number | HIN-78965 |
| 020 ## - INTERNATIONAL STANDARD BOOK NUMBER | |
| Terms of availability | 200.00 |
| International Standard Book Number | 8183900070 |
| 035 ## - SYSTEM CONTROL NUMBER | |
| System control number | HN-51312 |
| 037 ## - SOURCE OF ACQUISITION | |
| Source of stock number/acquisition | D.B.Act / pub |
| 082 ## - DEWEY DECIMAL CLASSIFICATION NUMBER | |
| Classification number | 820.8 |
| 100 ## - MAIN ENTRY--PERSONAL NAME | |
| Personal name | वधान, अमरसिंह |
| 245 ## - TITLE STATEMENT | |
| Title | कंप्यूटर क्रान्ति और साहित्य |
| Statement of responsibility, etc | अमरसिंह वधान |
| 246 ## - VARYING FORM OF TITLE | |
| Title proper/short title | Computer kranti aur sahitya |
| Remainder of title | by Amar Singh Vadhan |
| 260 ## - PUBLICATION, DISTRIBUTION, ETC. (IMPRINT) | |
| Place of publication, distribution, etc | दिल्ली |
| Name of publisher, distributor, etc | अभिषेक प्रकाशन |
| Date of publication, distribution, etc | 2006 |
| 270 ## - ADDRESS | |
| City | दिल्ली |
| Address | 5824,जवाहर नगर(निकट शिव मंदिर) न्यू चन्द्रावल |
| Postal code | 110007 |
| Telephone number | (011)55640278,(011)55175190 |
| 300 ## - PHYSICAL DESCRIPTION | |
| Extent | 131पृ. |
| Dimensions | 22 सेमी (सजिल्द) |
| 942 ## - ADDED ENTRY ELEMENTS (KOHA) | |
| Institution code [OBSOLETE] | dpl |
| Koha item type | Hindi Books |
| Call number prefix | 820.8 / वधान |
| Source of classification or shelving scheme | Dewey Decimal Classification |
| Classification part | 820.8 |
| Call number suffix | वधान |
| Withdrawn status | Lost status | Damaged status | Not for loan | Collection code | Home library | Current library | Date acquired | Cost, normal purchase price | Total Checkouts | Full call number | Barcode | Date last seen | Copy number | Uniform Resource Identifier | Cost, replacement price | Price effective from | Koha item type |
|---|---|---|---|---|---|---|---|---|---|---|---|---|---|---|---|---|---|
| Not For Loan | Non-fiction | D.B.Act.Division | D.B.Act.Division | 04/09/2008 | 200.00 | 820.8 वधान | HN-51312 | 15/09/2008 | 1 | 1138 | 200.00 | 15/09/2008 | Hindi Books |
